01418nam a2200349Ia 4500001001200000003000800012006001900020007001500039008004100054010001700095020002200112020002500134020001800159040002100177035002100198050002800219082001900247100002800266245015900294260006100453300002400514504006400538533015200602650002600754650003400780650003000814655002900844700003500873710001700908856012600925999001701051ebr10694673CaPaEBRm u cr cn|||||||||110202s2011 deua sb 001 0 eng d z 2011003020 z0872078396 (pbk.) z9780872078390 (pbk.) z9780872078826 aCaPaEBRcCaPaEBR a(OCoLC)82665797714aLB1050.455b.E55 2011eb04a428.4071/22221 aEllery, Valerie,d1964-10aSustaining strategic readersh[electronic resource] :btechniques for supporting content literacy in grades 6-12 /cValerie Ellery, Jennifer L. Rosenboom. aNewark, DE :bInternational Reading Association,cc2011. axiv, 202 p. :bill. aIncludes bibliographical references (p. 179-190) and index. aElectronic reproduction.bPalo Alto, Calif. :cebrary,d2013.nAvailable via World Wide Web.nAccess may be limited to ebrary affiliated libraries. 0aContent area reading. 0aLanguage arts (Middle school) 0aLanguage arts (Secondary) 7aElectronic books.2local1 aRosenboom, Jennifer L.,d1955-2 aebrary, Inc.40uhttp://site.ebrary.com/lib/rucke/Doc?id=10694673zAn electronic book accessible through the World Wide Web; click to view c23818d23818